The General Clauses Act, 1897 / (Record no. 616006)

000 -LEADER
fixed length control field 00267nam a22001097a 4500
082 ## - DEWEY DECIMAL CLASSIFICATION NUMBER
Classification number 349.5491
Author Mark GEN
245 ## - TITLE STATEMENT
Title The General Clauses Act, 1897 /
260 ## - PUBLICATION, DISTRIBUTION, ETC.
Place of publication, distribution, etc. Lahore :
Name of publisher, distributor, etc. Eastern Law Book House,
Date of publication, distribution, etc. N.A.
300 ## - PHYSICAL DESCRIPTION
Extent 56 p. ;
Dimensions 24 cm.
563 ## - BINDING INFORMATION
Binding note HB.
942 ## - ADDED ENTRY ELEMENTS (KOHA)
Source of classification or shelving scheme
Koha item type Book
Holdings
Withdrawn status Lost status Source of classification or shelving scheme Damaged status Not for loan Permanent Location Current Location Date acquired Source of acquisition Total Checkouts Full call number Barcode Date last seen Price effective from Koha item type
          NUST Law School (NLS) NUST Law School (NLS) 02/02/2026 Donated by Fahad Hashmi Account Officer S3H & NLS   349.5491 GEN NLSD-401 02/02/2026 02/02/2026 Book
© 2023 Central Library, National University of Sciences and Technology. All Rights Reserved.